000 00398 a2200169 4500
001 156799
020 _a9788526023444
040 _cEscola São Tomás de Aquino
100 _aCOLASANTI, Marina
240 1 0 _aQuando a primavera chegar
_lpor
245 1 0 _aQuando a primavera chegar
300 _a110 p.
362 0 _a2017
440 1 _aGlobal
697 _aLITERATURA BRASILEIRA
942 _cBK
999 _c156799
_d156799